000 00757nam a2200217Ii 4500
003 JO-AjNU
008 230605s9999||||xx |||||||||||||| ||und||
020 _a978-9953-36-176-2
040 _aJO-AjNU
_bara
_erda
_cJO-AjNU
041 _aara
050 1 4 _aPJ7846.I64.R35 2007
100 3 _aتأليف مقدادي، محمد,
_eauthor
_949214
245 0 0 _aرجل برسم الحب والمنفى
250 _aط1
264 3 1 _aبيروت:المؤسسة العربية للدراسات والنشر،2007 ؛ عمان:دار الفارس للنشر والتوزيع،2007
300 _a109ص
336 _atext
_btxt
_2rdacontent
337 _aunmediated
_bn
_2rdamedia
338 _avolume
_bnc
_2rdacarrier
650 4 _aالشعر العربي
_949215
999 _aA21602
_c25170
_d25170